| 000 | 00354nam a2200121Ia 4500 | ||
|---|---|---|---|
| 008 | 230907s9999||||xx |||||||||||||| ||und|| | ||
| 082 | _a620.11295 | ||
| 100 |
_aZhang, Jin Z. _9115338 |
||
| 245 | 0 | _aOptical properties and spectroscopy of nanomaterials / | |
| 260 |
_aWorld Scientific, _bHackensack, N.J. : _c2009 |
||
| 300 | _axvi, 383 p. : | ||
| 942 | _cBK | ||
| 999 |
_c598173 _d598173 |
||